000 01062nam a2200289 i 4500
001 67585
003 ES-MaACL
005 20230906170116.0
007 t|
008 150612s2015 sp ac |||| |dspa d
020 _a978-84-943613-0-2
080 _a821.134.2-22"18"
100 1 _aRabal, Nicolás.
_9149924
245 1 3 _aLa ermita de San Saturio y otras comedias de don Nicolás Rabal /
_c[edición de] Paulino García de Andrés.
260 _a[Madrid :
_bP. García,
_c2015]
300 _a173 p. :
_bil. ;
_c22 cm.
500 _aGlosario: p. 42-44.
504 _aBibliografía: p. 45-46.
505 8 _aContiene: ;
_tEl teatro breve en la España finisecular del XIX ;
_tGéneros y formas del teatro breve
505 8 _aContiene: ;
_tEl lacayo ;
_tLa ermita de San Saturio ;
_tLos artesanos
599 _aCon 1 retr. de Nicolás Rabal.
600 1 4 _aRabal, Nicolás.
_9149924
700 1 _aRabal, Nicolás.
_9149924
740 3 2 _aEl lacayo.
740 4 2 _aLos artesanos.
852 _aES-MaACL
_jN-6534
_z.- Dedicatoria autógrafa del ed. literario
999 _c67585
_d67585